Statistics for Utah Jazz All-NBA Players

Click here to take the quiz!

General Stats

  • This quiz has been taken 128 times
  • The average score is 6 of 8

Answer Stats

Player% Correct
John Stockton
100%
Karl Malone
100%
Rudy Gobert
92%
Deron Williams
74%
Pete Maravich
71%
Adrian Dantley
66%
Carlos Boozer
60%
Truck Robinson
18%

Score Distribution

Percentile by Number Answered

Percent of People with Each Score

Your Score History

You have not taken this quiz